| 000 | 00730cab a2200181 4500 | ||
|---|---|---|---|
| 001 | ABS67549 | ||
| 008 | 040301n2004 000 0 eng u | ||
| 035 | _a(Sirsi) u125265 | ||
| 041 | _aeng | ||
| 100 | _aJones, A. | ||
| 245 | _aTrials and tribulations of the management of change control on major projects | ||
| 260 | _c2004 | ||
| 490 |
_aCivil Engineering Surveyor _v February 2004, 18-21(4) |
||
| 520 | _aHighlights guidelines on managing changes on major projects. Suggests contract changes are similar on large or small projects, but large projects involve considerable amounts of money. Diagram outlines an example of the change control process. | ||
| 590 | _aABS | ||
| 690 |
_aProject management _96261 |
||
| 942 | _n0 | ||
| 999 |
_c74190 _d74190 |
||